000 02802nam0a2200433 4500
001 RU\NLR\BIBL_A\022106252
005 20240126144013.0
010 _a978-5-4417-0898-2
_9300
021 _aRU
_bКН-П-23-074544
_9КН-П-23-7537
035 _a(NLR Aleph) 022106252
035 _a(RuMoRGB)012380313
090 _a12762784
_c12762784
100 _a20240111d2023 u y0rusy50 ca
101 0 _arus
102 _aRU
105 _aa j 000yy
181 0 _ai3
_baxxe
182 1 _an
200 1 _aЧертежи металлических конструкций
_eучебное пособие
_eдля обучающихся по программам высшего образования по направлению подготовки 08.03.01 Строительство
_fА. П. Иванова, М. А. Васильева, В. В. Делигирова, И. А. Оденбах
_gМинистерство науки и высшего образования Российской Федерации, Федеральное государственное бюджетное образовательное учреждение высшего образования "Оренбургский государственный университет"
203 _aТекст
_bвизуальный
_cнепосредственный
210 _aОренбург
_cОГУ
_d2023
215 _a113 с.
_cил., табл.
_d21
300 _aАвт. указаны на обороте тит. с.
320 _aБиблиогр.: с. 104-105 (14 назв.)
606 1 _aМеталлические конструкции
_jУчебные издания для высших учебных заведений
_xЧертежи
_xОформление
_91573861
_3RU\NLR\AUTH\66689956
606 1 _aМеталлические строительные конструкции
_jУчебные издания для высших учебных заведений
_xПроектирование
_92095765
_3RU\NLR\AUTH\661268043
675 _a744:624.014(075.8)
_v4
686 1 _aЖ113я73-1
686 1 _aН54-02я73-1
701 1 _7ca
_8rus
_aИванова
_bА. П.
_cд-р техн. наук
_gАнастасия Петровна
_98192
_3RU\NLR\AUTH\7725143
701 1 _7ca
_8rus
_aВасильева
_bМ. А.
_cканд. техн. наук
_gМарина Анатольевна
_98202
_3RU\NLR\AUTH\7725153
701 1 _aДелигирова
_bВ. В.
701 1 _aОденбах
_bИ. А.
_gИрина Александровна
712 0 2 _4475
_aОренбургский государственный университет
_9461907
_3RU\NLR\AUTH\889983002
942 _cBOOK
980 _aNB